| 000 | 00394 a2200121 4500 | ||
|---|---|---|---|
| 001 | ART_12163 | ||
| 005 | 20260410161903.0 | ||
| 008 | 260409a | ||
| 245 | 1 | 0 | _aTesting the restrictions implied by the rational expectations hypothesis |
| 100 | 1 | _aSchmidt, Peter | |
| 700 | 1 | _aHoffman, Dennis L. | |
| 773 | 0 |
_tJournal of econometrics _g- Vol. 15, NÂș 2 (feb. 1981) _wREV11720 |
|
| 999 |
_c26147 _d26147 |
||